000 00212nam a2200097Ia 4500
008 190216s9999||||xx |||||||||||||| ||und||
100 _aP A Muhammed Koya
245 0 _aApple Poomott
260 _bNull
942 _cBK
999 _c23896
_d23896